Lid československý

Hlavní autor: Mánes, Josef, 1820-1871
Jazyk: Čeština
Vydáno: Praha, 1923
Knihy
Uloženo v:
LEADER 00810nam a22002052a 4500
001 000284647
003 CZ BrMZK
005 20090218132534.0
007 ta
008 980105s1923 xr f cze d
040 |a BOA001  |b cze 
100 1 |a Mánes, Josef,  |d 1820-1871  |7 jk01080037 
245 1 0 |a Lid československý 
260 |a Praha,  |c 1923 
910 |a BOA001  |b 3-0047.484,2 
990 |a BK 
996 7 |b 2619204648  |c 3-0047.484,2  |l MZK  |r Sklad / do 1 hodiny  |n 4  |w 000284647  |u 000030  |a 1  |e BOA001  |j MZK50  |s A 
996 7 |b 2619241783  |c 3-0047.484,2  |l MZK  |r Sklad / do 1 hodiny  |n 1  |w 000284647  |u 000020  |a 1  |e BOA001  |j MZK50  |s A 
996 6 |b 2619615476  |c 3-0047.484,2  |l MZK  |r Sklad / do 1 hodiny  |n 0  |w 000284647  |u 000050  |a 1  |e BOA001  |j MZK50  |s P 
996 7 |b 2619887120  |c 3-0047.484,2  |l MZK  |r Sklad / do 1 hodiny  |n 7  |w 000284647  |u 000010  |a 1  |e BOA001  |j MZK50  |s A